00489nam a22001577a 450000500170000002000180001708200110003510000200004624500550006626000390012130000120016065000250017294200070019799900170020495201100022120260520145147.0 a9781639877379 a660ALL aAllison, Lewis  aChemical Engineering: operations and applications  aNew York:bMurphy & Moore, c2023. a240p. ; aChemical Engineering cBK c68890d68887 00104070aQUESTCLbQUESTCLd2025-06-02g48403.00l0o660ALLp58931r2025-06-02 00:00:00w2025-06-02yBK